[Event "GER-ch Seniors 65+ 30th"]
[Site "Hamburg"]
[Date "2018.07.24"]
[Round "4"]
[White "Seidel, Arnold"]
[Black "Zimmermann, Rolf"]
[Result "1-0"]
[WhiteElo "1990"]
[BlackElo "2165"]
[PlyCount "121"]
[EventDate "2018.07.21"]
[EventType "swiss"]
[EventRounds "9"]
[EventCountry "GER"]
[SourceTitle "EXT 2020"]
[Source "ChessBase"]
[SourceDate "2019.10.17"]
[SourceVersion "1"]
[SourceVersionDate "2019.10.17"]
[SourceQuality "1"]

1. e4 d5 2. exd5 Nf6 3. Bb5+ Bd7 4. Bxd7+ Qxd7 5. c4 c6 6. dxc6 Nxc6 7. Nf3 Qe6+ 8. Qe2 Qxe2+ 9. Kxe2 e5 10. d3 Bc5 11. Nc3 0-0 12. Rd1 e4 13. Nxe4 Rfe8 14. Be3 Nxe4 15. dxe4 Rxe4 16. Kd3 Bxe3 17. Kxe4 Re8+ 18. Kd3 Bxf2 19. a3 f5 20. Rd2 Be3 21. Re1 f4 22. g3 Rd8+ 23. Kc3 h6 24. gxf4 Bxf4 25. Rde2 Rd7 26. Re8+ Kh7 27. Rf8 Bd6 28. Rfe8 Rf7 29. R1e3 g5 30. h3 Be7 31. b4 b6 32. Kd3 Bf6 33. R8e6 Nd8 34. Rd6 Nb7 35. Rd5 a5 36. Ne5 Bxe5 37. Rdxe5 axb4 38. Re7 Kg7 39. axb4 Nd8 40. Rxf7+ Kxf7 41. c5 bxc5 42. bxc5 Nc6 43. Kc4 h5 44. Kb5 Nd4+ 45. Kb6 Kf6 46. Re4 Nf5 47. c6 Nd6 48. Rd4 Nc8+ 49. Kb7 Ne7 50. c7 Nf5 51. Rd7 Ke6 52. c8Q Nd6+ 53. Rxd6+ Kxd6 54. Qg8 g4 55. h4 Ke5 56. Qg5+ Ke4 57. Kc6 Kf3 58. Qxh5 Kg3 59. Qg5 Kf3 60. h5 g3 61. h6 1-0

[Event "GER-ch Seniors 65"]
[Site "Hamburg"]
[Date "2018.07.21"]
[Round "1"]
[White "Fister, Horst Lothar"]
[Black "Seidel, Arnold"]
[Result "0-1"]
[WhiteElo "1623"]
[BlackElo "1990"]
[PlyCount "38"]
[EventDate "2018.07.21"]
[EventType "swiss"]
[EventRounds "9"]
[EventCountry "GER"]
[SourceTitle "CBM 186 Extra"]
[Source "ChessBase"]
[SourceDate "2018.08.24"]
[SourceVersion "1"]
[SourceVersionDate "2018.08.24"]
[SourceQuality "1"]

1. d4 g6 2. e4 Bg7 3. Nf3 d6 4. Bf4 Nf6 5. Bd3 0-0 6. Nbd2 b6 7. h4 Bb7 8. h5 Nxh5 9. Rxh5 gxh5 10. e5 dxe5 11. Ng5 e6 12. Qxh5 h6 13. Bxe5 Qxg5 14. Qxg5 hxg5 15. Bxg7 Kxg7 16. 0-0-0 Re8 17. Rh1 Nd7 18. Nf3 g4 19. Ng5 Rh8 0-1

[Event "GER-chA Seniors 28th"]
[Site "Niederhausen"]
[Date "2016.08.17"]
[Round "5"]
[White "Selig, Rainer"]
[Black "Seidel, Arnold"]
[Result "1-0"]
[WhiteElo "2105"]
[BlackElo "1983"]
[PlyCount "59"]
[EventDate "2016.08.13"]
[EventType "swiss"]
[EventRounds "9"]
[EventCountry "GER"]
[SourceTitle "EXT 2019"]
[Source "ChessBase"]
[SourceDate "2018.10.10"]
[SourceVersion "1"]
[SourceVersionDate "2018.10.10"]
[SourceQuality "1"]

1. d4 d5 2. c4 dxc4 3. e4 e5 4. Nf3 exd4 5. Qxd4 Qxd4 6. Nxd4 Nf6 7. e5 Ne4 8. Bxc4 Bb4+ 9. Ke2 Be7 10. f3 Nc5 11. Nc3 c6 12. Be3 b5 13. Bb3 Nxb3 14. Nxb3 Nd7 15. f4 Nb6 16. Bc5 Nc4 17. Bxe7 Kxe7 18. Nd4 Bb7 19. b3 Nb6 20. Nf5+ Kf8 21. Nd6 Bc8 22. Rac1 Ke7 23. Nce4 Bd7 24. f5 Nc8 25. Rhd1 Nxd6 26. Nxd6 Rhd8 27. Ke3 a5 28. g4 Ra6 29. Nb7 Rb8 30. Rxd7+ 1-0

[Event "GER-chA Seniors 27th"]
[Site "Magdeburg"]
[Date "2015.08.23"]
[Round "9"]
[White "Seidel, Arnold"]
[Black "Dahlhaus, Friedhelm"]
[Result "1-0"]
[WhiteElo "1992"]
[BlackElo "2121"]
[PlyCount "139"]
[EventDate "2015.08.15"]
[EventType "swiss"]
[EventRounds "9"]
[EventCountry "GER"]
[SourceTitle "EXT 2018"]
[Source "ChessBase"]
[SourceDate "2017.10.13"]
[SourceVersion "1"]
[SourceVersionDate "2017.10.13"]
[SourceQuality "1"]

1. e4 e5 2. Nf3 Nc6 3. Bc4 Bc5 4. c3 Nf6 5. d4 exd4 6. e5 d5 7. Bb5 Ne4 8. cxd4 Bb4+ 9. Bd2 Nxd2 10. Nbxd2 Bd7 11. Bd3 0-0 12. Qc2 Bxd2+ 13. Qxd2 f6 14. 0-0 Bg4 15. exf6 Bxf3 16. fxg7 Kxg7 17. gxf3 Nxd4 18. Be2 Qf6 19. Rac1 c6 20. Rc3 Rae8 21. Bd1 Qf4 22. Qxf4 Rxf4 23. Re3 Ref8 24. Kg2 Nf5 25. Ra3 a6 26. Rg1 Kf6 27. Kf1 Ke5 28. Rg4 Nd4 29. Re3+ Kd6 30. Kg2 c5 31. Rg7 Nf5 32. Rxb7 Nxe3+ 33. fxe3 Rb4 34. Rxb4 cxb4 35. Bc2 h6 36. Bd3 a5 37. f4 d4 38. Kf3 dxe3 39. Kxe3 Kd5 40. a4 Re8+ 41. Kf2 Kd4 42. Bg6 Rc8 43. h4 b3 44. Ke2 Kc4 45. f5 Rf8 46. Kf3 Kd3 47. f6+ Kd2 48. f7 Kc1 49. Kg4 Kxb2 50. Kh5 Rh8 51. Bf5 Kc1 52. Kg6 b2 53. Kg7 Rb8 54. f8Q Rxf8 55. Kxf8 b1Q 56. Bxb1 Kxb1 57. Kg7 Kb2 58. Kxh6 Kb3 59. Kg6 Kxa4 60. h5 Kb3 61. h6 a4 62. h7 a3 63. h8Q Ka2 64. Kf5 Kb1 65. Qh1+ Kb2 66. Qg2+ Kb1 67. Qf1+ Kb2 68. Qe2+ Kb1 69. Ke4 a2 70. Kd3 1-0

[Event "GER-chA Seniors 27th"]
[Site "Magdeburg"]
[Date "2015.08.19"]
[Round "5"]
[White "Fritsch, Juergen"]
[Black "Seidel, Arnold"]
[Result "1/2-1/2"]
[WhiteElo "1851"]
[BlackElo "1992"]
[PlyCount "137"]
[EventDate "2015.08.15"]
[EventType "swiss"]
[EventRounds "9"]
[EventCountry "GER"]
[SourceTitle "EXT 2018"]
[Source "ChessBase"]
[SourceDate "2017.10.13"]
[SourceVersion "1"]
[SourceVersionDate "2017.10.13"]
[SourceQuality "1"]

1. e4 e5 2. Nf3 Nf6 3. Nxe5 Qe7 4. Nf3 Qxe4+ 5. Qe2 d5 6. Nc3 Qxe2+ 7. Bxe2 c6 8. 0-0 Bd6 9. d4 Bf5 10. Bd3 Bxd3 11. cxd3 0-0 12. Bg5 Nbd7 13. Rfe1 Rfe8 14. h3 h6 15. Bxf6 Nxf6 16. Re2 Rxe2 17. Nxe2 Re8 18. Kf1 g5 19. a3 Nd7 20. Nd2 Nb6 21. Rc1 Na4 22. Rc2 Nb6 23. Nb3 Nc8 24. Nc5 Re7 25. b4 Rc7 26. Ng1 Be7 27. Nf3 Nd6 28. a4 Bf6 29. Nb3 Re7 30. g4 Kf8 31. Re2 Ke8 32. Ne5 Bg7 33. Re3 f6 34. Nf3 b6 35. Ne1 f5 36. Rxe7+ Kxe7 37. f3 Ke6 38. Ke2 Nc8 39. Ng2 f4 40. Ne1 Bf8 41. Nc2 Nd6 42. Kd2 Ne8 43. Ke2 Kf6 44. Kd2 Nc7 45. Kc3 Na6 46. Nc1 Ke6 47. Kb3 Be7 48. Na2 Nb8 49. b5 a5 50. Nc3 Kd6 51. bxc6 Kxc6 52. Nb5 Kb7 53. Nc3 Kc6 54. Nb5 Na6 55. Na7+ Kd7 56. Nb5 Bd8 57. Nc3 Nc7 58. Na3 Kc6 59. Nab5 Ne8 60. Na7+ Kb7 61. Nab5 Kc6 62. Na7+ Kd6 63. Nab5+ Ke6 64. Na7 Nf6 65. Nc6 Be7 66. Nb5 Kd7 67. Ne5+ Ke6 68. Nc7+ Kd6 69. Nb5+ 1/2-1/2

[Event "GER-ch Seniors 23rd"]
[Site "Halle"]
[Date "2011.08.06"]
[Round "2"]
[White "Seidel, Arnold"]
[Black "Dobierzin, Olaf"]
[Result "0-1"]
[WhiteElo "2018"]
[BlackElo "2107"]
[PlyCount "27"]
[EventDate "2011.08.05"]
[EventType "swiss"]
[EventRounds "9"]
[EventCountry "GER"]
[SourceTitle "CBM 144 Extra"]
[Source "ChessBase"]
[SourceDate "2011.10.28"]
[SourceVersion "1"]
[SourceVersionDate "2011.10.28"]
[SourceQuality "1"]

1. e4 c5 2. Nf3 Nc6 3. d4 cxd4 4. Nxd4 g6 5. Nxc6 bxc6 6. Qd4 f6 7. Bc4 Qb6 8. Qc3 e5 9. 0-0 Bc5 10. Qf3 Ba6 11. Bxg8 Bxf1 12. Qxf6 Rxg8 13. Qxe5+ Kd8 14. Kxf1 0-1

[Event "GER-ch Seniors 22nd"]
[Site "Berlin"]
[Date "2010.08.22"]
[Round "7"]
[White "Berger, Volkmar"]
[Black "Seidel, Arnold"]
[Result "0-1"]
[WhiteElo "1653"]
[BlackElo "1828"]
[PlyCount "102"]
[EventDate "2010.08.16"]
[EventType "swiss"]
[EventRounds "9"]
[EventCountry "GER"]
[SourceTitle "CBM 138 Extra"]
[Source "ChessBase"]
[SourceDate "2010.10.29"]
[SourceVersion "1"]
[SourceVersionDate "2010.10.29"]
[SourceQuality "1"]

1. d4 g6 2. e4 b6 3. Nf3 Bb7 4. Bd3 Bg7 5. Bf4 d6 6. 0-0 Nd7 7. c3 e6 8. Nbd2 Ne7 9. Re1 0-0 10. Qc2 e5 11. Bg3 Rc8 12. Rac1 Nc6 13. Bh4 Qe8 14. Bb5 exd4 15. Bxc6 Bxc6 16. cxd4 Bb7 17. Bg3 Bh6 18. Rcd1 Bg7 19. b3 a5 20. Nc4 Qd8 21. Qd3 h6 22. Na3 Re8 23. Qc2 Nf6 24. Nd2 Nh5 25. Nf3 Nxg3 26. hxg3 Qe7 27. d5 Qd7 28. Nd4 Bxd4 29. Rxd4 Re7 30. Qd2 Kg7 31. Nc4 Rce8 32. Qf4 f5 33. Nd2 g5 34. Qf3 Re5 35. Re3 fxe4 36. Nxe4 Rf5 37. Qd1 Qf7 38. Rf3 Ree5 39. Nc3 Rxf3 40. gxf3 Rf5 41. Kg2 Ba6 42. a4 Rxf3 43. Ne4 g4 44. Nd2 Rxf2+ 45. Kg1 Rf6 46. Rxg4+ Kf8 47. Nc4 Bb7 48. Rd4 Qg6 49. Ne3 Qxg3+ 50. Ng2 Rf2 51. Rg4 Rxg2+ 0-1

[Event "GER-ch Seniors-A 17th"]
[Site "Essen"]
[Date "2005.08.23"]
[Round "4"]
[White "Seidel, Arnold"]
[Black "Goy, Udo"]
[Result "0-1"]
[WhiteElo "1916"]
[BlackElo "2244"]
[PlyCount "72"]
[EventDate "2005.08.20"]
[EventType "swiss"]
[EventRounds "9"]
[EventCountry "GER"]
[SourceTitle "CBM 108 Extra"]
[Source "ChessBase"]
[SourceDate "2005.11.04"]
[SourceVersion "1"]
[SourceVersionDate "2005.11.04"]
[SourceQuality "1"]

1. e4 g6 2. d4 Bg7 3. f4 d5 4. e5 Nh6 5. Nf3 0-0 6. Bd3 Bf5 7. Bxf5 Nxf5 8. g4 Nh6 9. g5 Nf5 10. h4 Qd7 11. Kf2 c5 12. Nc3 Rd8 13. Ne2 cxd4 14. Nfxd4 Nc6 15. Nxf5 Qxf5 16. Ng3 Qd7 17. h5 d4 18. Bd2 Rac8 19. Qf3 Nxe5 20. fxe5 Rxc2 21. Ne4 Bxe5 22. Rab1 d3 23. Kg2 Qf5 24. Rbd1 Rxb2 25. a3 Rd4 26. Qxf5 gxf5 27. Nf2 Rd5 28. Rhe1 Bd6 29. Bc3 Rc2 30. Bb4 Bxb4 31. axb4 e5 32. Kf3 e4+ 33. Ke3 Rb5 34. Nh3 Rxb4 35. Nf4 Kf8 36. Rb1 d2 0-1

[Event "Sachsen-Anhalt-ch Seniors 12th"]
[Site "Osterburg"]
[Date "2004.06.17"]
[Round "5"]
[White "Seidel, Arnold"]
[Black "Rost, Wolfgang"]
[Result "1-0"]
[WhiteElo "1996"]
[BlackElo "1800"]
[PlyCount "43"]
[EventDate "2004.06.13"]
[EventType "swiss"]
[EventRounds "7"]
[EventCountry "GER"]
[SourceTitle "EXT 2007"]
[Source "ChessBase"]
[SourceDate "2006.11.23"]
[SourceVersion "1"]
[SourceVersionDate "2006.11.23"]
[SourceQuality "1"]

1. e4 c5 2. Nf3 Nc6 3. c3 d5 4. exd5 Qxd5 5. h3 e5 6. Bb5 Bd7 7. 0-0 Be7 8. c4 Qe6 9. Re1 f6 10. Nc3 0-0-0 11. Nd5 Nb4 12. Nxb4 Bxb5 13. cxb5 cxb4 14. a3 bxa3 15. bxa3 Qd5 16. Qa4 Kb8 17. Bb2 Bc5 18. Bc3 Ne7 19. d4 exd4 20. Bxd4 Bxd4 21. Nxd4 Nc8 22. Ne6 1-0

[Event "Sachsen-Anhalt-ch Seniors 12th"]
[Site "Osterburg"]
[Date "2004.06.15"]
[Round "3"]
[White "Hanke, Gerhard"]
[Black "Seidel, Arnold"]
[Result "0-1"]
[WhiteElo "1514"]
[BlackElo "1996"]
[PlyCount "58"]
[EventDate "2004.06.13"]
[EventType "swiss"]
[EventRounds "7"]
[EventCountry "GER"]
[SourceTitle "EXT 2007"]
[Source "ChessBase"]
[SourceDate "2006.11.23"]
[SourceVersion "1"]
[SourceVersionDate "2006.11.23"]
[SourceQuality "1"]

1. e4 e5 2. Nf3 Nc6 3. Bb5 Bc5 4. c3 Qf6 5. 0-0 Nge7 6. d3 d6 7. Be3 0-0 8. Bxc5 dxc5 9. Nbd2 a6 10. Ba4 b5 11. Bb3 Ng6 12. Bd5 Bg4 13. Bxc6 Qxc6 14. h3 Be6 15. Re1 Rad8 16. Nf1 Qd6 17. Re3 Nf4 18. Ne1 c4 19. Qf3 cxd3 20. b3 c5 21. Nd2 c4 22. Kh2 Ne2 23. bxc4 bxc4 24. Rd1 Nxc3 25. Nxc4 Bxc4 26. Rdxd3 Bxd3 27. Rxd3 Qe6 28. Rxd8 Rxd8 29. Qxc3 f5 0-1